| 000 | 01094cam a2200337 a 4500 | ||
|---|---|---|---|
| 001 | 12765194 | ||
| 003 | OSt | ||
| 005 | 20140310181638.0 | ||
| 008 | 020506s2002 nyu 000 0 eng | ||
| 010 | _a 2002006843 | ||
| 020 | _a1576854221 | ||
| 040 |
_aDLC _cDLC |
||
| 050 | 0 | 0 |
_aPE 1591 _b.F565 2002 |
| 082 | 0 | 0 |
_aTRE 428.107 _bF58 2002 |
| 245 | 0 | 0 | _a501 word analogy questions./ |
| 246 | 3 | _aFive hundred one word analogy questions | |
| 246 | 3 | _aFive hundred and one word analogy questions | |
| 250 | _a1st ed. | ||
| 260 |
_aNew York : _bLearningExpress, _cc2002. |
||
| 300 |
_a106 p. : _c26 cm. |
||
| 521 | _aFaculty | ||
| 541 | _j1 | ||
| 541 | _j2 | ||
| 562 | _e2 | ||
| 650 | 0 |
_aEnglish language _xSynonyms and antonyms _vProblems, exercises, etc. _92238 |
|
| 650 | 0 |
_aVocabulary _vProblems, exercises, etc. _92239 |
|
| 710 | 2 |
_aLearningExpress (Organization) _92121 |
|
| 906 |
_a7 _bcbc _corignew _d1 _eecip _f20 _gy-gencatlg |
||
| 942 |
_2lcc _cBK-TR _kTR |
||
| 999 |
_c750 _d750 |
||